<?xml version="1.0" encoding="UTF-8"?>
<record
    xmlns:xsi="http://www.w3.org/2001/XMLSchema-instance"
    xsi:schemaLocation="http://www.loc.gov/MARC21/slim http://www.loc.gov/standards/marcxml/schema/MARC21slim.xsd"
    xmlns="http://www.loc.gov/MARC21/slim">

  <leader>00888cam a22002411  4500</leader>
  <controlfield tag="001">he 68003992 </controlfield>
  <controlfield tag="003">DLC</controlfield>
  <controlfield tag="005">20260227111507.0</controlfield>
  <controlfield tag="008">960703r19641904is            000 0 hebr </controlfield>
  <datafield tag="010" ind1=" " ind2=" ">
    <subfield code="a">he 68003992 </subfield>
  </datafield>
  <datafield tag="025" ind1=" " ind2=" ">
    <subfield code="a">PL480:Is-4431</subfield>
  </datafield>
  <datafield tag="035" ind1=" " ind2=" ">
    <subfield code="a">(OCoLC)35028746</subfield>
  </datafield>
  <datafield tag="040" ind1=" " ind2=" ">
    <subfield code="a">DLC</subfield>
    <subfield code="c">CLU</subfield>
    <subfield code="d">CLU</subfield>
    <subfield code="d">DLC</subfield>
  </datafield>
  <datafield tag="042" ind1=" " ind2=" ">
    <subfield code="a">premarc</subfield>
  </datafield>
  <datafield tag="050" ind1="0" ind2="0">
    <subfield code="a">BS1225</subfield>
    <subfield code="b">.I723 1964</subfield>
  </datafield>
  <datafield tag="100" ind1="0" ind2=" ">
    <subfield code="a">Yi&#x15B;ra&#x2BC;el,</subfield>
    <subfield code="c">mi-&#x1E6C;shor&#x1E6D;&#x1E33;ov,</subfield>
    <subfield code="d">1854-1934.</subfield>
  </datafield>
  <datafield tag="245" ind1="0" ind2="0">
    <subfield code="a">Sefer Tif&#x2BC;eret Yi&#x2B9;sra&#x2BC;el ...</subfield>
    <subfield code="c">&#x2BC;Amarot &#x1E6C;ehorot ... Sheyats&#x2BC;u mipe Kadosh ... Yi&#x2B9;sra&#x2BC;el Ben David Moshe Mi&#x1E6D;sha&#x2BC;rtkov. Huva&#x2BC; Lebeyt hadfus &#x2BB;Al Yede Yi&#x2B9;sra&#x2BC;el Ra&#x2BC;pa&#x2BC;po&#x2BC;r&#x1E6D;. Ve&#x2BB;ata Yotseh La&#x2BC;or me&#x1E25;adash.</subfield>
  </datafield>
  <datafield tag="260" ind1=" " ind2=" ">
    <subfield code="a">Yerushalayim,</subfield>
    <subfield code="b">&#x2BC;A.Y. Fridman,</subfield>
    <subfield code="c">725 [1964 or 5]</subfield>
  </datafield>
  <datafield tag="300" ind1=" " ind2=" ">
    <subfield code="a">63 l.</subfield>
    <subfield code="c">25 cm.</subfield>
  </datafield>
  <datafield tag="500" ind1=" " ind2=" ">
    <subfield code="a">Reprint of Husiatyn, 1904 ed.</subfield>
  </datafield>
  <datafield tag="630" ind1="0" ind2="0">
    <subfield code="a">Bible.</subfield>
    <subfield code="p">Pentateuch</subfield>
    <subfield code="x">Commentaries.</subfield>
  </datafield>
  <datafield tag="740" ind1="0" ind2=" ">
    <subfield code="a">Tife&#x2B9;ret Yisrael.</subfield>
  </datafield>
  <datafield tag="999" ind1=" " ind2=" ">
    <subfield code="c">34039</subfield>
    <subfield code="d">34039</subfield>
  </datafield>
</record>
